| 000 | 00416nam a22001457a 4500 | ||
|---|---|---|---|
| 005 | 20260513141005.0 | ||
| 008 | 260513b |||||||| |||| 00| 0 eng d | ||
| 020 | _a9781952538568 | ||
| 041 | _aEng | ||
| 082 | _a658.4092 MUT | ||
| 100 | _aMuttke, Martina | ||
| 245 | _aBuild Better Brains: A Leader’s Guide to the World of Neuroscience | ||
| 650 | _aLeadership; Success in Business; Neurosciences | ||
| 942 | _cBK | ||
| 999 |
_c46553 _d46553 |
||